01331nas a2200241Ia 4500001001100000003001000011008004100021040002500062041001300087100003500100210002200135222002200157245011300179250001100292260005000303300001100353310001200364362003500376500026500411501011400676520026500790650003401055R251-R3871IT-CnALBA170116c99999999xx |||||||||||| ||und|| aIT-CnALBAcIT-CnALBA aITALIANO aTALIERCIO GIUSEPPE, MONSIGNORE aMINISTERIUM VERBI aMINISTERIUM VERBI 0aMINISTERIUM VERBI. ANNO LVIII. GENNAIO 1984. RIVISTA DI SACRA PREDICAZIONE. b RIVISTA DI SACRA PREDICAZIONE a1a ed. a ROVIGObISTITUTO PADANO ARTI GRAFICHE c1984 a64 p.  aMENSILE aFascicolo: 1 / Anno: 58 (1984) aVANGELI DOMENICALI. ROMANATO M. SCALTRITI A.G. LAVARDA G. VANGELO MESSA DEL FANCIULLO. CATECHESI ADULTI, NOSTALGIA DELL'IMMACOLATA. PRESIDENTE PERTINI NON CREDENTE. LAICATO INFEDELE. S. FABIANO. S. SEBASTIANO. SALMI E VITA CRISTIANA. RIFLESSIONE PENITENZIALE.  aSocietà San Paolo EM - Piazza San Paolo, 14 - 12051 ALBA (CN) (non commercial uses only) ® Copyright 2017 aVANGELI DOMENICALI. ROMANATO M. SCALTRITI A.G. LAVARDA G. VANGELO MESSA DEL FANCIULLO. CATECHESI ADULTI, NOSTALGIA DELL'IMMACOLATA. PRESIDENTE PERTINI NON CREDENTE. LAICATO INFEDELE. S. FABIANO. S. SEBASTIANO. SALMI E VITA CRISTIANA. RIFLESSIONE PENITENZIALE.  aPREDICAZIONE - ORATORIA SACRA